• 首页
  • 本馆介绍
  • 公告通知
  • 最新文献
  • 馆藏检索
  • 电子资源
  • 读者导购
  • 参考咨询
  • 我的图书馆
  • 登录
  • 详细信息显示
  • 放入我的书架
  • 预约/预借图书
  • 作者相关作品
  • 分类相关作品
  • 丛书相关作品
  • 出版社相关作品

书目信息

  • 表格格式
  • 工作单格式
  • 卡片格式
题名:
红楼美食
    
 
作者: 苏衍丽 著
分册:  
出版信息: 济南   山东画报出版社  2004
页数: 183页
开本: 23cm
丛书名: 大雅《红楼梦》文化系列
单 册:
中图分类: I207.411 , TS971
科图分类:
主题词: 饮食
电子资源:
ISBN: 7-80603-909-0
000 00854oam2 2200277 450
001 1259808581
005 20121014163714.17
010    @a7-80603-909-0@dCNY29.00
100    @a20040630d2004 kemy0chiy50 ea
101 0  @achi
102    @aCN@b370000
105    @aa z 000yy
200 1  @a红楼美食@Ahong lou mei shi@f苏衍丽著
210    @a济南@c山东画报出版社@d2004
215    @a183页@c彩图@d23cm
225 2  @a大雅《红楼梦》文化系列
330    @a本书包括“礼仪中的红楼美食”、“红楼美食与风俗”、“红楼美食与养生”、“红楼美食与娱乐”、“红楼美食之美味关系”等六章内容。
461  0 @12001 @a大雅《红楼梦》文化系列
605    @a红楼梦@x饮食@x文化@x研究
605    @a红楼梦
606 0  @a饮食
690    @aI207.411@v4
690    @aTS971@v4
701  0 @a苏衍丽@Asu yan li@4著
801  0 @aCN@bNLC@c20101222
905    @a10447@dI207.411@eJY481
    
    红楼美食/苏衍丽著.-济南:山东画报出版社,2004
    183页:彩图;23cm.-(大雅《红楼梦》文化系列)
    
    
    ISBN 7-80603-909-0:CNY29.00
    本书包括“礼仪中的红楼美食”、“红楼美食与风俗”、“红楼美食与养生”、“红楼美食与娱乐”、“红楼美食之美味关系”等六章内容。
●
相关链接 在E读中查询图书 在五车中查询图书 在当当中查询图书 在豆瓣中查询图书


正题名:红楼美食     索取号:I207.411/JY481         预约/预借

序号 登录号 条形码 馆藏地/架位号 状态 备注
1 7801171   278011713   学院路分馆/ [索取号:I207.411/JY481] 在馆    
2 7801172   278011722   学院路分馆/ [索取号:I207.411/JY481] 在馆    
唐山师范学院图书馆 欢迎您!
大连网信软件有限公司© 版权所有